Subdivision capitals closest to Pančevo (RS) - Statistics

General Stats
  • This quiz has been taken 12 times
  • The average score is 11 of 20
Answer Stats
Distance (km) Answer % Correct
1 15 Beograd
100%
6 76 Novi Sad
100%
5 76 Šabac
75%
2 32 Smederevo
75%
4 60 Zrenjanin
75%
14 111 Čačak
50%
13 111 Jagodina
50%
10 108 Kikinda
50%
9 98 Kragujevac
50%
15 128 Kraljevo
50%
20 153 Kruševac
50%
3 51 Požarevac
50%
7 82 Sremska Mitrovica
50%
16 129 Užice
50%
8 89 Valjevo
50%
19 146 Bor
25%
18 144 Brčko
25%
12 109 Reșița
25%
11 109 Timișoara
25%
17 139 Vukovar
25%
No matching quizzes found
Score Distribution
Percent of People with Each Score
Percentile by Number Answered
Your Score History
You have not taken this quiz